000
00275nam a2200097Ia 4500
008
220216s9999 xx 000 0 und d
245
0
_a
Synthetic rubber utilised across the tyre and non-tyre sectors
260
_b
The Rubber International
_c
2010
300
_a
9-Aug
942
_c
JS
999
_c
70179
_d
70179